| 000 | 00662nam a22002057a 4500 | ||
|---|---|---|---|
| 005 | 20230518070520.0 | ||
| 008 | 221026b |||||||| |||| 00| 0 eng d | ||
| 020 | _a971-08-6395-9 | ||
| 082 | _aFil. 499.211 Ar778 2003 | ||
| 100 |
_aArogante, Jose A. _eauthor |
||
| 245 |
_aRetorika sa mabisang pagpapahayag / _cJose A. Arrogante |
||
| 250 | _anew ed, | ||
| 260 |
_aMandaluyong City: _bNational Book Store, _cc2003. |
||
| 300 |
_axix, 288p.: _bill. |
||
| 504 | _aIncludes bibliographies | ||
| 541 | _e3523 | ||
| 650 | _aFilipino language - Rhetoric | ||
| 650 | _aFilipino language - Compositions and exercises | ||
| 650 | _aFilipino language - Study and teaching | ||
| 999 |
_c85 _d85 |
||